01819cam a2200253 a 450000100090000000300040000900500170001300800410003001000170007102000310008804000180011905000230013708200140016010000300017424501190020426000460032330000410036950400530041050509400046360000610140365000440146470000310150870000260153915529683OSt20170207082415.0081120s2009 enk b 001 0 eng  a 2008050675 a9783039107049 (alk. paper) aDLCcDLCdDLC00aN6888.B4bL66 200800a759.32221 aLong, Rose-Carol Washton.10aOf 'truths impossible to put in words' :bMax Beckmann contextualized /cRose-Carol Washton Long and Maria Makela. aOxford ;aNew York :bPeter Lang,cc2009. a356 p. :bill. (some col.) ;c24 cm. aIncludes bibliographical references and indexes.0 aList of illustrations -- Introduction / Rose-Carol Washton Long and Maria Makela -- Space as metaphor : Beckmann and the conflicts of secessionist style in Berlin / Jay A. Clarke -- Max Beckmann's inconceivable modernism / Karen Lang -- Ambivalence : personal and political / Rose-Carol Washton Long -- "Painted sounds" : music in the art of Max Beckmann / Marsha Morton -- Some portraits from Weimar-era Frankfurt / Barbara C. Buenger -- Max Beckmann, sport and the field of cultural criticism / James Van Dyke -- Titanic sinks, departure arrives : on Beckmann, film and the fall of history painting and rise of the historical object / Peter Chametzky -- Max Beckmann : from space to place / Sabine Eckmann -- Imagining the American West : Max Beckmann in St. Louis and California / F. Forrrester-Hahn -- Between heaven and earth : Max Beckmann's last representations of the artist / David Ehrenpreis -- List of contributors -- Index.10aBeckmann, Max,d1884-1950xCriticism and interpretation. 0aArt and societyxHistoryy20th century.1 aBeckmann, Max,d1884-1950.1 aMakela, Maria Martha.